000 00382nam a2200145Ia 4500
008 100122s9999 xx 000 0 und d
082 _b34569
_a808.8
100 _aSMYTH W M
245 _aPROSE OF SPRIT AND ACTION 4
260 _bEDWARD ARNOLD PUB LTD
_c1964
300 _a171
630 _aPROSE OF SPRIT AND ACTION 4
730 _aPROSE OF SPRIT AND ACTION 4
942 _cBOOK
999 _c370922
_d370919